000 00924nam a2200265Ia 4500
003 GCL
005 20240530102547.0
008 140319s9999 xx 000 0 ara d
040 _aGCL /
_cGCL
082 0 4 _a961
_bس ت
100 1 _aسعد زغلول عبدالحميد
245 1 0 _aتاريخ المغرب العربى :
_bمن الفتح الى بداية عصور الاستقلال(ليبيا, تونس, الجزائر, المغرب) /
_cسعد زغلول عبدالحميد
260 _aالاسكندرية :
_bمنشاة المعارف ،
_c1995
300 _a436 ص ؛
_c24 سم
650 0 4 _aالعصر الحديث
650 0 4 _aتاريخ
650 0 4 _aتونس
650 0 4 _aالمغرب
650 0 4 _aليبيا
650 0 4 _aالتاريخ الاسلامى
650 0 4 _aالجزائر
650 0 4 _aالمغرب العربى
650 0 4 _aفتح شمال افريقيا
942 _2ddc
_cBK
999 _c33046
_d33046